|
|
|
|
| LEADER |
00000nam0a2200000 4500 |
| 001 |
306683 |
| 005 |
20231102001922.0 |
| 020 |
|
|
|a RU
|b 83-59508
|
| 035 |
|
|
|a (RuTPU)RU\TPU\book\331960
|
| 090 |
|
|
|a 306683
|
| 100 |
|
|
|a 20151009d1983 km y0rusy5003 ca
|
| 101 |
0 |
|
|a rus
|
| 102 |
|
|
|a RU
|
| 105 |
|
|
|a y z 100zy
|
| 200 |
1 |
|
|a Союз нерушимый республик свободных
|e доклады, прочитанные на общественно-политических чтениях, посвященных 60-летию образования СССР, май - ноябрь 1982 года
|f [под общ. ред. А. М. Роганова]
|
| 210 |
|
|
|a Москва
|c Московский рабочий
|d 1983
|
| 215 |
|
|
|a 159 с.
|
| 606 |
1 |
|
|a СССР
|x Образование
|x Политика
|2 stltpush
|3 (RuTPU)RU\TPU\subj\56105
|9 74034
|
| 610 |
1 |
|
|a коммунистическое строительство
|
| 610 |
1 |
|
|a национальные отношения
|
| 610 |
1 |
|
|a Москва
|
| 610 |
1 |
|
|a столицы мира
|
| 610 |
1 |
|
|a советская наука
|
| 610 |
1 |
|
|a ленинские принципы
|
| 610 |
1 |
|
|a стратегии мира
|
| 610 |
1 |
|
|a советский народ
|
| 610 |
1 |
|
|a общность
|
| 610 |
1 |
|
|a развитой социализм
|
| 686 |
|
|
|a Ф5(2)
|2 rubbk
|
| 702 |
|
1 |
|a Роганов
|b А. М.
|4 340
|
| 702 |
|
1 |
|a Смирнов
|b А. И.
|g Александр Ильич
|4 340
|
| 712 |
1 |
2 |
|a Союз нерушимый республик свободных
|c чтения
|e Москва
|f 1983
|4 570
|
| 801 |
|
0 |
|a RU
|b RuMRKP
|c 19950704
|g psbo
|
| 801 |
|
1 |
|a RU
|b 63413507
|c 20151009
|
| 801 |
|
2 |
|a RU
|b 63413507
|c 20180625
|g RCR
|
| 942 |
|
|
|c BK
|